Graph Theory With Engineering Application / (Record no. 193501)
[ view plain ]
| 000 -LEADER | |
|---|---|
| fixed length control field | 00893 a2200157 4500 |
| 003 - CONTROL NUMBER IDENTIFIER | |
| control field | Nust |
| 005 - DATE AND TIME OF LATEST TRANSACTION | |
| control field | 20221014120857.0 |
| 040 ## - CATALOGING SOURCE | |
| Transcribing agency | Nust |
| 082 ## - DEWEY DECIMAL CLASSIFICATION NUMBER | |
| Classification number | 604.2,JOH |
| 100 ## - MAIN ENTRY--PERSONAL NAME | |
| Personal name | David E. Johnson, Johnny R. Johnson |
| 9 (RLIN) | 100321 |
| 245 ## - TITLE STATEMENT | |
| Title | Graph Theory With Engineering Application / |
| Statement of responsibility, etc. | David E. Johnson, Johnny R. Johnson |
| 260 ## - PUBLICATION, DISTRIBUTION, ETC. | |
| Place of publication, distribution, etc. | New york |
| Name of publisher, distributor, etc. | The Ronald Press Company |
| Date of publication, distribution, etc. | 1972 |
| 300 ## - PHYSICAL DESCRIPTION | |
| Extent | 392p; |
| 505 ## - FORMATTED CONTENTS NOTE | |
| Formatted contents note | Fundamentals Concepts (Page-3), Planar and Dual Graphs (Page-37) ,Algebraic Representation of Graphs (Page-57),Circs (Page-77), SEGS (Page-101), System Theory and Oriented Graphs (Page-120), Examples of Systems (Page-157), Electric Networks- Loops and Node Methods (Page-176), Elements of Matrix Theory (Page-210),Transform Methods (Page-222), State Variable Methods (Page-252), Signal Flow Graphs(Page-277), Flow Graphs (Page-309), Other Applications (Page-325). |
| 942 ## - ADDED ENTRY ELEMENTS (KOHA) | |
| Source of classification or shelving scheme | |
| Koha item type | Book |
| Withdrawn status | Lost status | Source of classification or shelving scheme | Damaged status | Not for loan | Permanent Location | Current Location | Shelving location | Date acquired | Total Checkouts | Total Renewals | Full call number | Barcode | Date last seen | Date last checked out | Price effective from | Koha item type | Public note |
|---|---|---|---|---|---|---|---|---|---|---|---|---|---|---|---|---|---|
| Military College of Signals (MCS) | Military College of Signals (MCS) | General Stacks | 12/12/2016 | 1 | 1 | 604.2,JOH | MCS6508 | 01/26/2026 | 07/16/2025 | 12/12/2016 | Book | Almirah No.26, Shelf No.2 |
